|
|
|
|
| LEADER |
02711nam a2200385 a 4500 |
| 001 |
15213551 |
| 003 |
BD-DhAAL |
| 005 |
20250513154009.0 |
| 008 |
100214s2007 bg l f001 0 eng d |
| 010 |
|
|
|a 2008307511
|
| 040 |
|
|
|a DLC
|c DLC
|d BD-DhAA
|
| 082 |
0 |
0 |
|a 342.5492
|2 22
|
| 110 |
1 |
|
|a Bangladesh.
|
| 240 |
1 |
0 |
|a Laws, etc. (Bangladesh Code : 2007)
|
| 245 |
1 |
4 |
|a The Bangladesh code.
|
| 260 |
|
|
|a Dhaka :
|b Ministry of Law, Justice and Parliamentary Affairs,
|c 2007.
|
| 300 |
|
|
|a ii, 493 pages ;
|c 24 cm
|
| 362 |
0 |
|
|a Vol. IX
|
| 500 |
|
|
|a Act No. 1 of 1937 to Ordinance No. vii OF 1941.
|
| 500 |
|
|
|a At head of title: Government of the People's Republic of Bangladesh, Ministry of Law, Justice, and Parliamentary Affairs.
|
| 500 |
|
|
|a "Laws contained in the volume are up to date as of January, 2007."
|
| 500 |
|
|
|a Includes an unnumbered volume: Index of the Bangladesh Code. 113 p.
|
| 526 |
|
|
|x Prof. Mojib Uddin Ahmed
Director, MBA Program
BRAC Business School
Course name and no. N/A
|
| 541 |
1 |
|
|a Paragon Enterprises Ltd.
|e 00018548
|
| 546 |
|
|
|a English and Bengali.
|
| 650 |
|
0 |
|a Law
|z Bangladesh.
|
| 710 |
1 |
|
|a Bangladesh.
|b Āina, Bicāra, o Saṃsada Bishaẏaka Mantraṇālaẏa.
|9 336
|
| 852 |
4 |
|
|a Ayesha Abed Library
|j General shelf
|
| 942 |
|
|
|2 ddc
|c BK
|
| 999 |
|
|
|c 7505
|d 7505
|
| 952 |
|
|
|0 0
|1 0
|2 ddc
|4 0
|6 342_549200000000000_BAN_2007
|7 0
|9 8087
|a BRACUL
|b BRACUL
|c GEN
|d 2010-02-14
|e Paragon Enterprise Ltd.
|g 553.00
|l 0
|o 342.5492 BAN
|p 3010018548
|r 2010-02-14
|t 1
|w 2010-02-14
|y BK
|x Requisitioned by Prof. Mojib Uddin Ahmed Director, MBA Program Course name and no. N/A
|
| 952 |
|
|
|0 0
|1 0
|2 ddc
|4 0
|6 342_549200000000000_BAN_2007
|7 0
|9 8265
|a BRACUL
|b BRACUL
|c GEN
|d 2010-02-17
|e Paragon Enterprise Ltd.
|g 553.00
|l 0
|o 342.5492 BAN
|p 3010018546
|r 2010-02-17
|t 2
|w 2010-02-17
|y BK
|x Requisitioned by Prof. Mojib Uddin Ahmed Director, MBA Program Course name and no. N/A
|
| 952 |
|
|
|0 0
|1 0
|2 ddc
|4 0
|6 342_549200000000000_BAN_2007
|7 0
|9 8267
|a BRACUL
|b BRACUL
|c GEN
|d 2010-02-17
|e Paragon Enterprise Ltd.
|g 553.00
|l 0
|o 342.5492 BAN
|p 3010018545
|r 2010-02-17
|t 3
|w 2010-02-17
|y BK
|x Requisitioned by Prof. Mojib Uddin Ahmed Director, MBA Program Course name and no. N/A
|
| 952 |
|
|
|0 0
|1 0
|2 ddc
|4 0
|6 342_549200000000000_BAN_2007
|7 0
|9 16150
|a BRACUL
|b BRACUL
|c GEN
|d 2011-04-19
|e Paragon Enterprise Ltd.
|g 553.00
|l 0
|o 342.5492 BAN
|p 3010018547
|r 2011-04-19
|t 4
|w 2011-04-19
|y BK
|x Requisitioned by Prof. Mojib Uddin Ahmed Director, MBA Program Course name and no. N/A
|
| 952 |
|
|
|0 0
|1 0
|2 ddc
|4 0
|6 342_549200000000000_BAN_2007
|7 0
|9 16151
|a BRACUL
|b BRACUL
|c GEN
|d 2011-04-19
|e Paragon Enterprise Ltd.
|g 553.00
|l 0
|o 342.5492 BAN
|p 3010018549
|r 2011-04-19
|t 5
|w 2011-04-19
|y BK
|x Requisitioned by Prof. Mojib Uddin Ahmed Director, MBA Program Course name and no. N/A
|